Evropa v nových geopolitických poměrech

Enregistré dans:
Détails bibliographiques
Auteur principal: Drábek, Jaroslav
Format: Chapitre de livre
Langue:tchèque
Tags: Ajouter un tag
Pas de tags, Soyez le premier à ajouter un tag!

MARC

LEADER 00000naa$a2200000$$$4500
001 0204621
005 20240502073421.9
041 0 |a cze 
044 |a SK 
245 1 0 |a Evropa v nových geopolitických poměrech  |c Jaroslav Drábek 
100 1 |a Drábek, Jaroslav